|
|
|
|
| LEADER |
01374nam a2200241 a 4500 |
| 001 |
GR-MES3959 |
| 008 |
991111s gr 000 0 gre d |
| 040 |
|
|
|a GrPaTEI
|b gre
|c GR-PaULI
|
| 245 |
0 |
0 |
|a Φυτά εσωτερικού χώρου =
|b The houseplant survival manual : Πως να περιποιήστε και να διατηρείτε τα φυτά σας.
|
| 260 |
|
|
|a Αθήνα :
|b Μαλλιάρης,
|c c1985
|
| 300 |
|
|
|a 186σελ. :
|b πιν.,εικ.,φωτ.
|
| 500 |
|
|
|a Ευρετήριο σελ.(184-186)
|
| 650 |
|
4 |
|a Φυτά εσωτερικού χώρου
|
| 650 |
|
4 |
|a Φυτά
|x Καλλιέργεια
|
| 700 |
1 |
|
|a Davidson, W.
|
| 700 |
1 |
|
|a Απαμπατζόγλου, Ε.
|
| 700 |
1 |
|
|a Καραγεώργου-Χαραλαμπίδου, Τ.
|
| 710 |
0 |
|
|a Μαλλιάρης
|
| 942 |
|
|
|2 ddc
|
| 952 |
|
|
|0 0
|1 0
|2 ddc
|4 0
|6 635_965000000000000_DAV
|7 0
|9 268592
|a MSLG
|b MSLG
|c BSC
|d 2021-01-17
|e 24
|f 0
|g 0.00
|l 0
|o 635.965 DAV
|p 2420000004205
|r 2021-01-17 00:00:00
|t 1
|v 2021.00
|w 2021-01-17
|y BK15
|x Μεταφορά από Αμαλιάδα (18/10/22)
|x GrPaTEI
|
| 952 |
|
|
|0 0
|1 0
|2 ddc
|4 0
|6 635_965000000000000_DAV
|7 0
|9 268593
|a MSLG
|b MSLG
|c BSC
|d 2021-01-17
|e 24
|f 0
|g 0.00
|l 0
|o 635.965 DAV
|p 2420000005746
|r 2021-01-17 00:00:00
|t 1
|v 2021.00
|w 2021-01-17
|y BK15
|x Μεταφορά από Αμαλιάδα (18/10/22)
|x GrPaTEI
|
| 971 |
|
|
|a .b25750057
|b 16-04-20
|c 13-09-16
|
| 999 |
|
|
|c 154783
|d 154783
|